Histoire du drapeau de la Pologne - Statistiques

Statistiques générales
  • Ce quiz a été pris 102 fois
  • Le résultat moyen est 6 sur 10
Statistiques - réponses
Hint Réponse % Correct
Occupation allemande pendant la seconde guerre mondiale (1939-1945)
83%
Occupation soviétique pendant la seconde guerre mondiale (1939- 1945)
81%
Deuxième république de Pologne (1918-1939), république populaire de Pologne (1939-1989) et Pologne (depuis 1989)
70%
Royaume de Prusse (1795-1807)
70%
Occupation allemande pendant la première guerre mondiale (1915-1918)
62%
République des Deux Nations (1569-1795)
59%
Premier drapeau du royaume de Pologne (1025-1320) et troisième drapeau du royaume de Pologne (1385-1569)
46%
Royaume du Congrès (1815-1915)
40%
Deuxième drapeau du royaume de Pologne (1320-1385)
40%
Duché de Varsovie (1807-1815)
37%
Aucun quiz correspondant
Distribution des résultats
% des personnes avec chaque résultat
Percentile par nombre de réponses
Votre historique - résultats
Vous n’avez pas pris ce quiz